<?xml version="1.0" encoding="UTF-8"?>
<record
    xmlns:xsi="http://www.w3.org/2001/XMLSchema-instance"
    xsi:schemaLocation="http://www.loc.gov/MARC21/slim http://www.loc.gov/standards/marcxml/schema/MARC21slim.xsd"
    xmlns="http://www.loc.gov/MARC21/slim">

  <leader>00521nam a2200181   4500</leader>
  <controlfield tag="003">SEACOMEC</controlfield>
  <controlfield tag="005">20240510114110.0</controlfield>
  <controlfield tag="008">240510b        |||||||| |||| 00| 0 eng d</controlfield>
  <datafield tag="020" ind1=" " ind2=" ">
    <subfield code="a">9788173811555</subfield>
    <subfield code="c">Rs.295.00</subfield>
  </datafield>
  <datafield tag="040" ind1=" " ind2=" ">
    <subfield code="a">SEACOMEC</subfield>
  </datafield>
  <datafield tag="082" ind1=" " ind2=" ">
    <subfield code="a">621.902</subfield>
    <subfield code="b">S474</subfield>
  </datafield>
  <datafield tag="100" ind1=" " ind2=" ">
    <subfield code="a">Sen, Gopal Chandra</subfield>
  </datafield>
  <datafield tag="245" ind1="1" ind2=" ">
    <subfield code="a">Principles of machine tools </subfield>
    <subfield code="c"> Gopal Chandra Sen and Amitabha Bhattacharyya</subfield>
  </datafield>
  <datafield tag="250" ind1=" " ind2=" ">
    <subfield code="a">2nd ed.</subfield>
  </datafield>
  <datafield tag="260" ind1=" " ind2=" ">
    <subfield code="a"> Kolkata </subfield>
    <subfield code="b"> New Central Book Agency</subfield>
    <subfield code="c">2006</subfield>
  </datafield>
  <datafield tag="650" ind1=" " ind2=" ">
    <subfield code="a">Mechanical engineering</subfield>
  </datafield>
  <datafield tag="942" ind1=" " ind2=" ">
    <subfield code="c">BOOK</subfield>
  </datafield>
  <datafield tag="952" ind1=" " ind2=" ">
    <subfield code="0">0</subfield>
    <subfield code="1">0</subfield>
    <subfield code="2">ddc</subfield>
    <subfield code="4">0</subfield>
    <subfield code="7">0</subfield>
    <subfield code="a">SEACOMEC</subfield>
    <subfield code="b">SEACOMEC</subfield>
    <subfield code="d">2007-10-01</subfield>
    <subfield code="l">0</subfield>
    <subfield code="o">621.902 S474</subfield>
    <subfield code="p">8666</subfield>
    <subfield code="r">2024-05-10 11:41:38</subfield>
    <subfield code="w">2024-05-10</subfield>
    <subfield code="y">BOOK</subfield>
  </datafield>
  <datafield tag="952" ind1=" " ind2=" ">
    <subfield code="0">0</subfield>
    <subfield code="1">0</subfield>
    <subfield code="2">ddc</subfield>
    <subfield code="4">0</subfield>
    <subfield code="7">0</subfield>
    <subfield code="a">SEACOMEC</subfield>
    <subfield code="b">SEACOMEC</subfield>
    <subfield code="d">2007-10-01</subfield>
    <subfield code="l">0</subfield>
    <subfield code="o">621.902 S474</subfield>
    <subfield code="p">8667</subfield>
    <subfield code="r">2024-05-10 11:42:14</subfield>
    <subfield code="t">1</subfield>
    <subfield code="w">2024-05-10</subfield>
    <subfield code="y">BOOK</subfield>
  </datafield>
  <datafield tag="952" ind1=" " ind2=" ">
    <subfield code="0">0</subfield>
    <subfield code="1">0</subfield>
    <subfield code="2">ddc</subfield>
    <subfield code="4">0</subfield>
    <subfield code="7">0</subfield>
    <subfield code="a">SEACOMEC</subfield>
    <subfield code="b">SEACOMEC</subfield>
    <subfield code="d">2007-10-01</subfield>
    <subfield code="l">0</subfield>
    <subfield code="o">621.902 S474</subfield>
    <subfield code="p">8668</subfield>
    <subfield code="r">2024-05-10 11:42:14</subfield>
    <subfield code="t">2</subfield>
    <subfield code="w">2024-05-10</subfield>
    <subfield code="y">BOOK</subfield>
  </datafield>
  <datafield tag="952" ind1=" " ind2=" ">
    <subfield code="0">0</subfield>
    <subfield code="1">0</subfield>
    <subfield code="2">ddc</subfield>
    <subfield code="4">0</subfield>
    <subfield code="7">0</subfield>
    <subfield code="a">SEACOMEC</subfield>
    <subfield code="b">SEACOMEC</subfield>
    <subfield code="d">2007-10-01</subfield>
    <subfield code="l">0</subfield>
    <subfield code="o">621.902 S474</subfield>
    <subfield code="p">8669</subfield>
    <subfield code="r">2024-05-10 11:42:14</subfield>
    <subfield code="t">3</subfield>
    <subfield code="w">2024-05-10</subfield>
    <subfield code="y">BOOK</subfield>
  </datafield>
  <datafield tag="952" ind1=" " ind2=" ">
    <subfield code="0">0</subfield>
    <subfield code="1">0</subfield>
    <subfield code="2">ddc</subfield>
    <subfield code="4">0</subfield>
    <subfield code="7">0</subfield>
    <subfield code="a">SEACOMEC</subfield>
    <subfield code="b">SEACOMEC</subfield>
    <subfield code="d">2007-10-01</subfield>
    <subfield code="l">0</subfield>
    <subfield code="o">621.902 S474</subfield>
    <subfield code="p">8670</subfield>
    <subfield code="r">2024-05-10 11:42:14</subfield>
    <subfield code="t">4</subfield>
    <subfield code="w">2024-05-10</subfield>
    <subfield code="y">BOOK</subfield>
  </datafield>
  <datafield tag="952" ind1=" " ind2=" ">
    <subfield code="0">0</subfield>
    <subfield code="1">0</subfield>
    <subfield code="2">ddc</subfield>
    <subfield code="4">0</subfield>
    <subfield code="7">0</subfield>
    <subfield code="a">SEACOMEC</subfield>
    <subfield code="b">SEACOMEC</subfield>
    <subfield code="d">2007-10-01</subfield>
    <subfield code="l">0</subfield>
    <subfield code="o">621.902 S474</subfield>
    <subfield code="p">8671</subfield>
    <subfield code="r">2024-05-10 11:42:14</subfield>
    <subfield code="t">5</subfield>
    <subfield code="w">2024-05-10</subfield>
    <subfield code="y">BOOK</subfield>
  </datafield>
  <datafield tag="952" ind1=" " ind2=" ">
    <subfield code="0">0</subfield>
    <subfield code="1">0</subfield>
    <subfield code="2">ddc</subfield>
    <subfield code="4">0</subfield>
    <subfield code="7">0</subfield>
    <subfield code="a">SEACOMEC</subfield>
    <subfield code="b">SEACOMEC</subfield>
    <subfield code="d">2007-10-01</subfield>
    <subfield code="l">0</subfield>
    <subfield code="o">621.902 S474</subfield>
    <subfield code="p">8672</subfield>
    <subfield code="r">2024-05-10 11:42:14</subfield>
    <subfield code="t">6</subfield>
    <subfield code="w">2024-05-10</subfield>
    <subfield code="y">BOOK</subfield>
  </datafield>
  <datafield tag="952" ind1=" " ind2=" ">
    <subfield code="0">0</subfield>
    <subfield code="1">0</subfield>
    <subfield code="2">ddc</subfield>
    <subfield code="4">0</subfield>
    <subfield code="7">0</subfield>
    <subfield code="a">SEACOMEC</subfield>
    <subfield code="b">SEACOMEC</subfield>
    <subfield code="d">2007-10-01</subfield>
    <subfield code="l">0</subfield>
    <subfield code="o">621.902 S474</subfield>
    <subfield code="p">8673</subfield>
    <subfield code="r">2024-05-10 11:42:14</subfield>
    <subfield code="t">7</subfield>
    <subfield code="w">2024-05-10</subfield>
    <subfield code="y">BOOK</subfield>
  </datafield>
  <datafield tag="952" ind1=" " ind2=" ">
    <subfield code="0">0</subfield>
    <subfield code="1">0</subfield>
    <subfield code="2">ddc</subfield>
    <subfield code="4">0</subfield>
    <subfield code="7">0</subfield>
    <subfield code="a">SEACOMEC</subfield>
    <subfield code="b">SEACOMEC</subfield>
    <subfield code="d">2007-10-01</subfield>
    <subfield code="l">0</subfield>
    <subfield code="o">621.902 S474</subfield>
    <subfield code="p">8674</subfield>
    <subfield code="r">2024-05-10 11:42:14</subfield>
    <subfield code="t">8</subfield>
    <subfield code="w">2024-05-10</subfield>
    <subfield code="y">BOOK</subfield>
  </datafield>
  <datafield tag="952" ind1=" " ind2=" ">
    <subfield code="0">0</subfield>
    <subfield code="1">0</subfield>
    <subfield code="2">ddc</subfield>
    <subfield code="4">0</subfield>
    <subfield code="7">0</subfield>
    <subfield code="a">SEACOMEC</subfield>
    <subfield code="b">SEACOMEC</subfield>
    <subfield code="d">2007-10-01</subfield>
    <subfield code="l">0</subfield>
    <subfield code="o">621.902 S474</subfield>
    <subfield code="p">8675</subfield>
    <subfield code="r">2024-05-10 11:42:14</subfield>
    <subfield code="t">9</subfield>
    <subfield code="w">2024-05-10</subfield>
    <subfield code="y">BOOK</subfield>
  </datafield>
  <datafield tag="952" ind1=" " ind2=" ">
    <subfield code="0">0</subfield>
    <subfield code="1">0</subfield>
    <subfield code="2">ddc</subfield>
    <subfield code="4">0</subfield>
    <subfield code="7">0</subfield>
    <subfield code="a">SEACOMEC</subfield>
    <subfield code="b">SEACOMEC</subfield>
    <subfield code="d">2024-05-10</subfield>
    <subfield code="l">0</subfield>
    <subfield code="o">621.902 S474</subfield>
    <subfield code="p">17732</subfield>
    <subfield code="r">2024-05-10 11:46:53</subfield>
    <subfield code="t">10</subfield>
    <subfield code="w">2024-05-10</subfield>
    <subfield code="y">BOOK</subfield>
  </datafield>
  <datafield tag="952" ind1=" " ind2=" ">
    <subfield code="0">0</subfield>
    <subfield code="1">0</subfield>
    <subfield code="2">ddc</subfield>
    <subfield code="4">0</subfield>
    <subfield code="7">0</subfield>
    <subfield code="a">SEACOMEC</subfield>
    <subfield code="b">SEACOMEC</subfield>
    <subfield code="d">2024-05-10</subfield>
    <subfield code="l">0</subfield>
    <subfield code="o">621.902 S474</subfield>
    <subfield code="p">17733</subfield>
    <subfield code="r">2024-05-10 11:46:53</subfield>
    <subfield code="t">11</subfield>
    <subfield code="w">2024-05-10</subfield>
    <subfield code="y">BOOK</subfield>
  </datafield>
  <datafield tag="952" ind1=" " ind2=" ">
    <subfield code="0">0</subfield>
    <subfield code="1">0</subfield>
    <subfield code="2">ddc</subfield>
    <subfield code="4">0</subfield>
    <subfield code="7">0</subfield>
    <subfield code="a">SEACOMEC</subfield>
    <subfield code="b">SEACOMEC</subfield>
    <subfield code="d">2024-05-10</subfield>
    <subfield code="l">0</subfield>
    <subfield code="o">621.902 S474</subfield>
    <subfield code="p">17734</subfield>
    <subfield code="r">2024-05-10 11:46:53</subfield>
    <subfield code="t">12</subfield>
    <subfield code="w">2024-05-10</subfield>
    <subfield code="y">BOOK</subfield>
  </datafield>
  <datafield tag="952" ind1=" " ind2=" ">
    <subfield code="0">0</subfield>
    <subfield code="1">0</subfield>
    <subfield code="2">ddc</subfield>
    <subfield code="4">0</subfield>
    <subfield code="7">0</subfield>
    <subfield code="a">SEACOMEC</subfield>
    <subfield code="b">SEACOMEC</subfield>
    <subfield code="d">2024-05-10</subfield>
    <subfield code="l">0</subfield>
    <subfield code="o">621.902 S474</subfield>
    <subfield code="p">17735</subfield>
    <subfield code="r">2024-05-10 11:46:53</subfield>
    <subfield code="t">13</subfield>
    <subfield code="w">2024-05-10</subfield>
    <subfield code="y">BOOK</subfield>
  </datafield>
  <datafield tag="952" ind1=" " ind2=" ">
    <subfield code="0">0</subfield>
    <subfield code="1">0</subfield>
    <subfield code="2">ddc</subfield>
    <subfield code="4">0</subfield>
    <subfield code="7">0</subfield>
    <subfield code="a">SEACOMEC</subfield>
    <subfield code="b">SEACOMEC</subfield>
    <subfield code="d">2024-05-10</subfield>
    <subfield code="l">0</subfield>
    <subfield code="o">621.902 S474</subfield>
    <subfield code="p">17736</subfield>
    <subfield code="r">2024-05-10 11:46:53</subfield>
    <subfield code="t">14</subfield>
    <subfield code="w">2024-05-10</subfield>
    <subfield code="y">BOOK</subfield>
  </datafield>
  <datafield tag="952" ind1=" " ind2=" ">
    <subfield code="0">0</subfield>
    <subfield code="1">0</subfield>
    <subfield code="2">ddc</subfield>
    <subfield code="4">0</subfield>
    <subfield code="7">0</subfield>
    <subfield code="a">SEACOMEC</subfield>
    <subfield code="b">SEACOMEC</subfield>
    <subfield code="d">2007-10-01</subfield>
    <subfield code="l">0</subfield>
    <subfield code="o">621.902 S474</subfield>
    <subfield code="p">8293</subfield>
    <subfield code="r">2024-05-10 11:49:37</subfield>
    <subfield code="t">15</subfield>
    <subfield code="w">2024-05-10</subfield>
    <subfield code="y">BOOK</subfield>
  </datafield>
  <datafield tag="952" ind1=" " ind2=" ">
    <subfield code="0">0</subfield>
    <subfield code="1">0</subfield>
    <subfield code="2">ddc</subfield>
    <subfield code="4">0</subfield>
    <subfield code="7">0</subfield>
    <subfield code="a">SEACOMEC</subfield>
    <subfield code="b">SEACOMEC</subfield>
    <subfield code="d">2007-10-01</subfield>
    <subfield code="l">0</subfield>
    <subfield code="o">621.902 S474</subfield>
    <subfield code="p">8294</subfield>
    <subfield code="r">2024-05-10 11:49:37</subfield>
    <subfield code="t">16</subfield>
    <subfield code="w">2024-05-10</subfield>
    <subfield code="y">BOOK</subfield>
  </datafield>
  <datafield tag="952" ind1=" " ind2=" ">
    <subfield code="0">0</subfield>
    <subfield code="1">0</subfield>
    <subfield code="2">ddc</subfield>
    <subfield code="4">0</subfield>
    <subfield code="7">0</subfield>
    <subfield code="a">SEACOMEC</subfield>
    <subfield code="b">SEACOMEC</subfield>
    <subfield code="d">2007-10-01</subfield>
    <subfield code="l">0</subfield>
    <subfield code="o">621.902 S474</subfield>
    <subfield code="p">8295</subfield>
    <subfield code="r">2024-05-10 11:49:37</subfield>
    <subfield code="t">17</subfield>
    <subfield code="w">2024-05-10</subfield>
    <subfield code="y">BOOK</subfield>
  </datafield>
  <datafield tag="952" ind1=" " ind2=" ">
    <subfield code="0">0</subfield>
    <subfield code="1">0</subfield>
    <subfield code="2">ddc</subfield>
    <subfield code="4">0</subfield>
    <subfield code="7">0</subfield>
    <subfield code="a">SEACOMEC</subfield>
    <subfield code="b">SEACOMEC</subfield>
    <subfield code="d">2007-10-01</subfield>
    <subfield code="l">0</subfield>
    <subfield code="o">621.902 S474</subfield>
    <subfield code="p">8296</subfield>
    <subfield code="r">2024-05-10 11:49:37</subfield>
    <subfield code="t">18</subfield>
    <subfield code="w">2024-05-10</subfield>
    <subfield code="y">BOOK</subfield>
  </datafield>
  <datafield tag="952" ind1=" " ind2=" ">
    <subfield code="0">0</subfield>
    <subfield code="1">0</subfield>
    <subfield code="2">ddc</subfield>
    <subfield code="4">0</subfield>
    <subfield code="7">0</subfield>
    <subfield code="a">SEACOMEC</subfield>
    <subfield code="b">SEACOMEC</subfield>
    <subfield code="d">2007-10-01</subfield>
    <subfield code="l">0</subfield>
    <subfield code="o">621.902 S474</subfield>
    <subfield code="p">8297</subfield>
    <subfield code="r">2024-05-10 11:49:37</subfield>
    <subfield code="t">19</subfield>
    <subfield code="w">2024-05-10</subfield>
    <subfield code="y">BOOK</subfield>
  </datafield>
  <datafield tag="952" ind1=" " ind2=" ">
    <subfield code="0">0</subfield>
    <subfield code="1">0</subfield>
    <subfield code="2">ddc</subfield>
    <subfield code="4">0</subfield>
    <subfield code="7">0</subfield>
    <subfield code="a">SEACOMEC</subfield>
    <subfield code="b">SEACOMEC</subfield>
    <subfield code="d">2007-10-01</subfield>
    <subfield code="l">0</subfield>
    <subfield code="o">621.902 S474</subfield>
    <subfield code="p">8298</subfield>
    <subfield code="r">2024-05-10 11:49:37</subfield>
    <subfield code="t">20</subfield>
    <subfield code="w">2024-05-10</subfield>
    <subfield code="y">BOOK</subfield>
  </datafield>
  <datafield tag="952" ind1=" " ind2=" ">
    <subfield code="0">0</subfield>
    <subfield code="1">0</subfield>
    <subfield code="2">ddc</subfield>
    <subfield code="4">0</subfield>
    <subfield code="7">0</subfield>
    <subfield code="a">SEACOMEC</subfield>
    <subfield code="b">SEACOMEC</subfield>
    <subfield code="d">2007-10-01</subfield>
    <subfield code="l">0</subfield>
    <subfield code="o">621.902 S474</subfield>
    <subfield code="p">8299</subfield>
    <subfield code="r">2024-05-10 11:49:37</subfield>
    <subfield code="t">21</subfield>
    <subfield code="w">2024-05-10</subfield>
    <subfield code="y">BOOK</subfield>
  </datafield>
  <datafield tag="952" ind1=" " ind2=" ">
    <subfield code="0">0</subfield>
    <subfield code="1">0</subfield>
    <subfield code="2">ddc</subfield>
    <subfield code="4">0</subfield>
    <subfield code="7">0</subfield>
    <subfield code="a">SEACOMEC</subfield>
    <subfield code="b">SEACOMEC</subfield>
    <subfield code="d">2007-10-01</subfield>
    <subfield code="l">0</subfield>
    <subfield code="o">621.902 S474</subfield>
    <subfield code="p">8300</subfield>
    <subfield code="r">2024-05-10 11:49:37</subfield>
    <subfield code="t">22</subfield>
    <subfield code="w">2024-05-10</subfield>
    <subfield code="y">BOOK</subfield>
  </datafield>
  <datafield tag="952" ind1=" " ind2=" ">
    <subfield code="0">0</subfield>
    <subfield code="1">0</subfield>
    <subfield code="2">ddc</subfield>
    <subfield code="4">0</subfield>
    <subfield code="7">0</subfield>
    <subfield code="a">SEACOMEC</subfield>
    <subfield code="b">SEACOMEC</subfield>
    <subfield code="d">2007-10-01</subfield>
    <subfield code="l">0</subfield>
    <subfield code="o">621.902 S474</subfield>
    <subfield code="p">8301</subfield>
    <subfield code="r">2024-05-10 11:49:37</subfield>
    <subfield code="t">23</subfield>
    <subfield code="w">2024-05-10</subfield>
    <subfield code="y">BOOK</subfield>
  </datafield>
  <datafield tag="952" ind1=" " ind2=" ">
    <subfield code="0">0</subfield>
    <subfield code="1">0</subfield>
    <subfield code="2">ddc</subfield>
    <subfield code="4">0</subfield>
    <subfield code="7">0</subfield>
    <subfield code="a">SEACOMEC</subfield>
    <subfield code="b">SEACOMEC</subfield>
    <subfield code="d">2007-10-01</subfield>
    <subfield code="l">0</subfield>
    <subfield code="o">621.902 S474</subfield>
    <subfield code="p">8302</subfield>
    <subfield code="r">2024-05-10 11:49:37</subfield>
    <subfield code="t">24</subfield>
    <subfield code="w">2024-05-10</subfield>
    <subfield code="y">BOOK</subfield>
  </datafield>
  <datafield tag="999" ind1=" " ind2=" ">
    <subfield code="c">1052</subfield>
    <subfield code="d">1052</subfield>
  </datafield>
</record>
